Soccer last minute goals - Statistics

General Stats
  • This quiz has been taken 93 times
  • The average score is 7 of 10
Answer Stats
Hint Answer % Correct
" It is Samuel Eto'o, Messi,it's __________, and the Chelsea fanscover their eyes in horror. Two minutes from time and it's heartbreak Stamford Bridge. in the minutes that remain Chelsea finds themselves needing another goal. Can you believe it. " Andrés Iniesta
91%
"Torres but now it drops for Fabregas looks for _________ who is onside Spain scores they take advantage of the extra man and they believe they are going to win the World Cup for the first time" Andrés Iniesta
91%
" Manchester City are still alive here. Balotelli, __________ I swear youwill never see anything like this ever again. watch it drink it in. 2 goals in added time to snatch it from man utd." Sergio Aguero
91%
"And another late dramatic goal for Barcelona. this is where the extra man paysoff can they hit the jackpot Gomez Jodri Alba __________ oooooo my goodness __________ does it again he is super human. ______ has just exploded la liga into life." Leo Messi
84%
"Mata crosses it in ___________ what about that Chelsea's man for the big occasion scores his biggest goal ever in what maybe his last match for the club you can't write it" Didier Drogba
78%
Neymar crosses it and find ___________ Barcelona has done it can you believe it. o my goodness me. touch yourself that really happen 3 goals in 7 minutes and 16 seconds. Sergio Roberto
71%
" Salmoneus saves follows again and another save by Salmoneus nowhere come Watford here's Hogg...___________ do not scratch your eyes you are really seeing the most extraordinary finish here. ____________ wins it for Watford and sends them to Wembley." Troy Deeney
71%
"just about 30 seconds Mueller hit from behind as he find _________ whoskips around copper on the outside _________- they are still Bayern they still are champions are you kidding me" Arjen Robben
58%
This could be the most dramatic story of the season its ________ to give Chelsea a place in the champions league final the headline has been written Fernando Torres
54%
" isolated oooooooo yes! welcome to man united _______________ he put the game to bed man utd leads 3-1 now. what a debut." Anthony Martial
42%
No matching quizzes found
Score Distribution
Percent of People with Each Score
Percentile by Number Answered
Your Score History
You have not taken this quiz